Southville International School and Colleges
Your cart is empty.
  • Cart
  • Lists
    Public lists Eva Luna New books Lux_list list_1
    Your lists Log in to create your own lists
  • Log in to your account
  • Your cookies
  • Search history
Southville International School and Colleges
  • Advanced search
  • Recent comments
  • Most popular
  • Libraries

Log in to your account

Log in with GOOGLE


If you do not have an external account, but do have a local account, you can still log in:

  1. Home
  2. MARC view: Inclusive education :
Normal view MARC view ISBD view

Inclusive education : (Record no. 24589)

[ view plain ]
MARC details
000 -LEADER
fixed length control field 00847nam a2200265 a 4500
005 - DATE AND TIME OF LATEST TRANSACTION
control field 20140310183529.0
008 - FIXED-LENGTH DATA ELEMENTS--GENERAL INFORMATION
fixed length control field 111011s19uu xx 00 eng d
010 ## - LIBRARY OF CONGRESS CONTROL NUMBER
LC control number 2010530452
020 ## - INTERNATIONAL STANDARD BOOK NUMBER
International Standard Book Number 9780415601481
050 ## - LIBRARY OF CONGRESS CALL NUMBER
Classification number LC 3989
Item number .L67 2010
100 ## - MAIN ENTRY--PERSONAL NAME
Personal name Loreman, Tim
245 ## - TITLE STATEMENT
Title Inclusive education :
Remainder of title supporting diversity in the classroom /
Statement of responsibility, etc Tim Loreman, Joanne Deppeler, and David Harvey.
250 ## - EDITION STATEMENT
Edition statement 2nd ed.
260 ## - PUBLICATION, DISTRIBUTION, ETC. (IMPRINT)
Place of publication, distribution, etc London ; New York :
Name of publisher, distributor, etc Routledge,
Date of publication, distribution, etc 2010.
300 ## - PHYSICAL DESCRIPTION
Extent xviii, 301 p. :
Other physical details ill. ;
Dimensions 23 cm.
500 ## - GENERAL NOTE
General note Includes bibliographical references (p. [275]-299) and index.
521 ## - TARGET AUDIENCE NOTE
Target audience note
650 ## - SUBJECT ADDED ENTRY--TOPICAL TERM
Topical term or geographic name as entry element Inclusive education
650 ## - SUBJECT ADDED ENTRY--TOPICAL TERM
Topical term or geographic name as entry element Special education
650 ## - SUBJECT ADDED ENTRY--TOPICAL TERM
Topical term or geographic name as entry element Mainstreaming in education
700 ## - ADDED ENTRY--PERSONAL NAME
Personal name Deppeler, Joanne, 1951-
700 ## - ADDED ENTRY--PERSONAL NAME
Personal name Harvey, David.
942 ## - ADDED ENTRY ELEMENTS (KOHA)
Koha item type Books
Source of classification or shelving scheme Library of Congress Classification
Call number prefix Foreign
Holdings
Withdrawn status Lost status Source of classification or shelving scheme Damaged status Home library Current library Shelving location Date acquired Source of acquisition Cost, normal purchase price Total Checkouts Total Renewals Full call number Barcode Date last seen Date checked out Copy number Price effective from Koha item type
    Library of Congress Classification   College Library College Library General Circulation Section 10/11/2011 Donation 2599.00 1 17 LC 3989 .L67 2010 C12820 05/15/2018 06/22/2015 1 10/18/2013 Books

Inclusive education :

APA

Loreman T., Deppeler J. 1. & Harvey D. (2010). Inclusive education. London ; New York: Routledge.

Chicago

Loreman Tim, Deppeler Joanne 1951 and Harvey David. 2010. Inclusive education. London ; New York: Routledge.

Harvard

Loreman T., Deppeler J. 1. and Harvey D. (2010). Inclusive education. London ; New York: Routledge.

MLA

Loreman Tim, Deppeler Joanne 1951 and Harvey David. Inclusive education. London ; New York: Routledge. 2010.

  • Place hold
  • Print
  • Cite
  • Add to your cart (remove)
  • Save record
    BIBTEX Dublin Core MARCXML MARC (non-Unicode/MARC-8) MARC (Unicode/UTF-8) MARC (Unicode/UTF-8, Standard) MODS (XML) RIS
  • More searches
    Search for this title in:
    Other Libraries (WorldCat) Other Databases (Google Scholar) Online Stores (Bookfinder.com) Open Library (openlibrary.org)

Exporting to Dublin Core...

SOUTHVILLE LIBRARY

Southville International School and Colleges Library

1281 Tropical Ave. Cor. Luxembourg St., BF Homes International, Las Pinas City

Tel. No. 8256374 / 252358 Loc. 117/146

Powered by Koha